Services Marketing (Record no. 2126)

MARC details
000 -LEADER
fixed length control field 00363nam a2200157Ia 4500
008 - FIXED-LENGTH DATA ELEMENTS--GENERAL INFORMATION
fixed length control field 221030s9999 xx 000 0 und d
020 ## - INTERNATIONAL STANDARD BOOK NUMBER
ISBN 812970579
041 ## - LANGUAGE CODE
Language code of text/sound track or separate title
082 ## - DEWEY DECIMAL CLASSIFICATION NUMBER
Classification number 105.23
Item number Rao
100 ## - MAIN ENTRY--AUTHOR NAME
Personal name K. R. M. Rao
245 #0 - TITLE STATEMENT
Title Services Marketing
260 ## - PUBLICATION, DISTRIBUTION, ETC. (IMPRINT)
Name of publisher Pearson Education
Place of publication Delhi
Year of publication 2005
300 ## - PHYSICAL DESCRIPTION
Number of Pages 358
650 ## - SUBJECT ADDED ENTRY--TOPICAL TERM
Topical Term Management
942 ## - ADDED ENTRY ELEMENTS (KOHA)
Koha item type Books
Holdings
Accession Number Cost, normal purchase price Full call number Price effective from Koha item type Withdrawn / writtenoff status Damaged status Not for loan Permanent Location Current Location Shelving location Date acquired Lost/ Missing status department Materials specified (bound volume or other part)
MBA 357 195.00 105.23 Rao 10/30/2022 Books       MIET Library, Jammu MIET Library, Jammu BL-Second, FL-1, CUP-63, SH-6, R-6 03/31/2005   MBA  
MBA 358 195.00 105.23 Rao 10/30/2022 Books       MIET Library, Jammu MIET Library, Jammu BL-Second, FL-1, CUP-63, SH-6, R-6 03/31/2005   MBA Print
MBA 359 195.00 105.23 Rao 10/30/2022 Books       MIET Library, Jammu MIET Library, Jammu BL-Second, FL-1, CUP-63, SH-6, R-6 03/31/2005   MBA Print
MBA 360 195.00 105.23 Rao 10/30/2022 Books     Not For Loan MIET Library, Jammu MIET Library, Jammu BL-Second, FL-1, CUP-138, SH-3, R-3 03/31/2005   MBA Print
MBA 361 195.00 105.23 Rao 10/30/2022 Books       MIET Library, Jammu MIET Library, Jammu BL-Second, FL-1, CUP-63, SH-6, R-6 03/31/2005   MBA Print